000 00664nam a22002177a 4500
003 BUBTL
008 221118b ||||| |||| 00| 0 eng d
020 _a9847002006507
050 _a
082 _a822.3/ M344d/ 2018
100 _94935
_aFaustus, Doctor
245 _aDoctor Faustus/
_cChristopher Marlowe
260 _aDhaka:
_bFriends' Book Corner,
_cc2018
300 _axxxvi, 155 p.:
_c19 cm.
440 _94221
_aFriends' Classics
505 _aDoctor Faustus, Christopher Marlowe, Friends' Classics
650 0 _91994
_aEnglish Literature
856 _k0
_l0
_yDownload
942 _2ddc
_cBK
999 _c6810
_d6810